Normal view
MARC view
Entry Personal Name
001 - CONTROL NUMBER
- control field: 51763
003 - CONTROL NUMBER IDENTIFIER
- control field: OSt
005 - DATE AND TIME OF LATEST TRANSACTION
- control field: 20160410151643.0
008 - FIXED-LENGTH DATA ELEMENTS
- fixed length control field: 160410|| aca||aabn | a|a d
040 ## - CATALOGING SOURCE
- Original cataloging agency: OSt
- Transcribing agency: OSt
100 ## - HEADING--PERSONAL NAME
- Personal name: त्रिफोनोव द.
670 ## - SOURCE DATA FOUND
- Source citation: Work cat.: (OSt)9503: त्रिफोनोव द. , रासायनिक तत्वाे की खोज , 2001









